000 01223nam a2200361 a 4500
001 9557
003 CO-ViMGA
008 141112s2004 ck r 000 u spa d
040 _aCO-ViMGA
_bspa
_cCO-ViMGA
082 0 4 _a332.4 B212 V.4
245 1 0 _aControl de cambios en Colombia :
_bJurisprudencia 1967 - 1987
260 _aBogotá :
_bBanco de la República,
_c1987 Tomo IV
300 _a1570p.
650 1 4 _aBANCO DE LA REPUBLICA
_98983
650 1 4 _aCERTIFICADOS DE CAMBIO
_910702
650 1 4 _aCOMPRA VENTA DE DIVISAS
_910703
650 1 4 _aCONTRABANDO
_910704
650 1 4 _aDEUDA PRIVADA EXTERNA
_910705
650 1 4 _aEXPORTACIONES
_948414
650 1 4 _aFEDERCION NACIONAL DE CAFETEROS
_910706
650 1 4 _aIMPORTACIONES
_910707
650 1 4 _aINSTITUTO COLOMBIANO DE COMERCIO EXTERIOR
_910708
650 1 4 _aINVERSIONES DIRECTA
_910709
650 1 4 _aJUNTA MONETARIA
_910710
650 1 4 _aOFICINA DE CAMBIOS
_910711
650 1 4 _aPOSESION DE DIVISAS
_910712
650 1 4 _aRESERVAS INTERNACIONALES
650 1 4 _aSISTEMA CAMBIARIO
_910713
650 1 4 _aSUPERINTENDENCIA BANCARIA
_910714
650 1 4 _aSUPERINTENDENCIA DE CAMBIOS
_910715
650 1 4 _aSUPERINTENDENCIA DE SOCIEDADES
_910716
942 _2ddc
_cBK
999 _c21038
_d21038